000 00252nam a2200097Ia 4500
008 230508s1998 xx 000 0 und d
041 _aeng
100 _aB.D. DHILLON
245 _aENGINEERING DESIGN MODERN APPROCH
260 _bIRVVIN THE TIMES MIR
_c1998
999 _c736107
_d736107